The 1975 - I'm In Love With You (Lyrics) - Statistics

General Stats
  • This quiz has been taken 184 times
  • The average score is 371 of 418
Answer Stats
Answer % Correct
I
100%
I-
100%
in
100%
you
100%
you,
100%
You
100%
I'm
98%
love
98%
with
98%
it
97%
it,
97%
do
96%
a
94%
don't
92%
"Don't
92%
so
92%
been
89%
Been
89%
to
89%
I've
88%
one
88%
one,
88%
is
87%
me
87%
just
86%
Just
86%
It's
85%
it's
85%
coming
84%
Yeah,
84%
yeah,
84%
Heartbeat
81%
strong
81%
the
81%
and
80%
like
80%
like:
80%
meaning
80%
no
80%
can
78%
Say
78%
this
78%
something
77%
can't
76%
got
76%
my
75%
there's
75%
gonna
74%
fuck
73%
if
73%
second
73%
baby
72%
But
72%
need
72%
stop
71%
muppet"
70%
that
70%
goes
66%
found
63%
not
61%
thing
60%
two,
60%
What
60%
what
60%
blessings,
59%
counting
59%
girl
59%
Black
58%
your
58%
show
57%
simple
57%
feel
55%
know
55%
Take
55%
thinking
55%
keep
54%
somewhere
54%
conversation
53%
list
53%
gotta
52%
through
52%
long
51%
moving
51%
deep
50%
night
50%
all
49%
going
49%
of
48%
sleep
45%
down
43%
lips
43%
wrongs
43%
loosen
42%
apologise,
41%
Tossing
41%
turning
40%
for
39%
getting
39%
She's
39%
summarise
38%
Pretending
37%
Reading
35%
call,
30%
broadsheet
29%
eyes
26%
her
22%
meet
21%
No matching quizzes found
Score Distribution
Percent of People with Each Score
Percentile by Number Answered
Your Score History
You have not taken this quiz